Paisaje sensorial urbano : propuesta de diseño para la Plaza Pretil y la Plaza 24 de Abril desde un estudio fenomenológico de la percepción sensorial
Guardado en:
| Hovedforfatter: | |
|---|---|
| Andre forfattere: | |
| Format: | Ukendt |
| Sprog: | Spanish |
| Udgivet: |
[San José, Costa Rica]
2017
|
| Fag: | |
| Tags: |
Tilføj Tag
Ingen Tags, Vær først til at tagge denne postø!
|
MARC
| LEADER | 00000 a2200000 4500 | ||
|---|---|---|---|
| 003 | EA0181 | ||
| 005 | 20230227144629.0 | ||
| 008 | 140114s2017 cr a 000 ||spa d | ||
| 040 | |c cru CEDI | ||
| 090 | |a TFG EA-181 | ||
| 100 | |a Hernández Gamboa, Felipe |9 20355 | ||
| 245 | |a Paisaje sensorial urbano : propuesta de diseño para la Plaza Pretil y la Plaza 24 de Abril desde un estudio fenomenológico de la percepción sensorial | ||
| 260 | |a [San José, Costa Rica] |c 2017 | ||
| 500 | |a Proyecto de graduación (licenciatura en arquitectura)--Universidad de Costa Rica. Facultad de Ingeniería. Escuela de Arquitectura | ||
| 501 | |a Directora de Proyecto de Graduación: Arq. Ana Ulloa Dormond | ||
| 650 | |x PLAZAS - DISEÑO - CIUDAD UNIVERSITARIA RODRIGO FACIO (SAN JOSE, COSTA RICA) |x RSENTIDOS EN ARQUITECTURA |x DISEÑO ARQUITECTONICO - SAN PEDRO (MONTES DE OCA, SAN JOSE, COSTA RICA) |x DISEÑO URBANO |x ESPACIOS PUBLICOS - DISEÑO |9 20356 | ||
| 700 | |9 117 |a Ulloa Dormond, Ana, 1978- |d Directora del TFG | ||
| 942 | |c CEDI | ||
| 999 | |c 12811 |d 12811 | ||
